Gaveshanam muthal gaveshanam vare/ (Record no. 182078)

000 -LEADER
fixed length control field 00368nam a22001457a 4500
020 ## - INTERNATIONAL STANDARD BOOK NUMBER
ISBN 9789348132994
082 ## - DEWEY DECIMAL CLASSIFICATION NUMBER
Classification number M 001.42
Item number ASH/G
245 ## - TITLE STATEMENT
Title Gaveshanam muthal gaveshanam vare/
Statement of responsibility, etc by Ashok D'cruz(ed.)
260 ## - PUBLICATION, DISTRIBUTION, ETC. (IMPRINT)
Place of publication Kozhikode:
Name of publisher Atma books,
Year of publication 2024.
300 ## - PHYSICAL DESCRIPTION
Number of Pages 254p.
650 ## - SUBJECT ADDED ENTRY--TOPICAL TERM
Topical Term Research Methodology
650 ## - SUBJECT ADDED ENTRY--TOPICAL TERM
Topical Term Research
650 ## - SUBJECT ADDED ENTRY--TOPICAL TERM
Topical Term Knowledge
942 ## - ADDED ENTRY ELEMENTS (KOHA)
Koha item type Book
Holdings
Withdrawn status Lost status Damaged status Not for loan Permanent Location Current Location Shelving location Date acquired Cost, normal purchase price Full call number Accession Number Price effective from Koha item type
        Sree Sankaracharya University of Sanskrit Sree Sankaracharya University of Sanskrit Stacks 04.06.2026 500.00 M 001.42 ASH/G 109016 04.06.2026 Book